| 000 | 00595cam a22001931 4500 | ||
|---|---|---|---|
| 001 | ca 30001315 | ||
| 003 | DLC | ||
| 005 | 20260227111124.0 | ||
| 008 | 811217s1923 nyua j 000 1 eng | ||
| 010 | _aca 30001315 | ||
| 035 | _a(OCoLC)8005769 | ||
| 040 |
_aDLC _cWEU _dWEU _dDLC |
||
| 050 | 0 | 0 |
_aPZ7.M61 _bLg |
| 100 | 1 | _aMiller, Agnes. | |
| 245 | 1 | 4 |
_aThe Linger-nots and the mystery house; or, The story of nine adventurous girls, _cby Agnes Miller. |
| 260 |
_aNew York, _bCupples & Leon _c[c1923] |
||
| 300 |
_a3 p.l., 204 p. _bfront. _c20 cm. |
||
| 490 | 0 | _aLinger-nots series / Agnes Miller. | |
| 999 |
_c16711 _d16711 |
||